Регионална библиотека "Любен Каравелов" - Русе

Работата по проект при запознаване с природната и обществената среда в І-ІV клас (Запис номер 50412)

MARC детайли
000 -Лидер
Контролно поле с фиксирана дължина 01635nam a2200373 c 4500
003 - Код на организацията, давaща контролен номер
Контролно поле BLK
005 - Дата и час на последна редакция
Контролно поле 20250103161511.0
008 - Елементи от данни с фиксирана дължина
fixed length control field 180408b bul|||||r ||||||| ||bul||
020 ## - Международен стандартен номер на книга ISBN
Международен стандартен номер на книга ISBN 954-314-011-1
040 ## - Източник на каталожния запис
Идентификатор на билиотеката - собственик на записа BLK
041 ## - Код за език
Код за езика на текст/звукозапис или на отделно заглавие Български
Код за езика КДБФ Български
080 ## - УДК
Текстов определител УДК Методика по природознание
УДК код - определител по УДК 373.3.016:502/504
УДК - код + определител 373.3.016:502/504
100 ## - Редна дума - Автор
Автор Петрова, Ваня Атанасова
R(LIN) 262083
139 ## - Редно поле
Редна дума Петрова, Ваня Атанасова
Авторски знак Петро - П 47
245 10 - Сведения за заглавието
Заглавие Работата по проект при запознаване с природната и обществената среда в І-ІV клас
Редно поле (дума) Ваня Атанасова Петрова.
257 ## - Страна на издаване
Страна на създаване/издаване България
260 ## - Област на издателските данни
Име на издателя, разпространителя и проч. Кота
Година на издаване 2003
Място на издаване, разпространение и проч. Ст. Загора
300 ## - Физическа характеристика
Страници 160 с.
Илюстрации и др. с ил, сх., табл.
Размери/Мащаб 24 см
380 ## - Жанр
Жанр Обществени науки
500 ## - Общи забележки
Забележка Изд. на Тракийски унив. Пед. унив. Стратегии и практики на отвореното образования в началното училище
650 #4 - Допълнително описание по предмет – тема
Основно описание – тема или топоним Обучение - методи и форми
9 (RLIN) 268175
650 #4 - Допълнително описание по предмет – тема
Основно описание – тема или топоним Природознание - методика на преподаването - за основни училища
9 (RLIN) 247026
653 ## - Ключова дума – ненормативна
Ключова дума природознание
653 ## - Ключова дума – ненормативна
Ключова дума методика на преподаването
653 ## - Ключова дума – ненормативна
Ключова дума основни училища
852 ## - Местоположение
Форматна сигнатура Цб 224064
856 4# - Електронен адрес и достъп
Електронен формат pdf - файл
856 4# - Електронен адрес и достъп
Електронен формат pdf - файл
942 ## - АРТИКУЛИ
Вид на библиотечния материал Книги
Скрит в OPAC Не
Koha issues (borrowed), all copies 1
944 ## - СЪЗДАВАНЕ И РЕДАКЦИЯ на ЗАПИСА
Създаване/Редакция Създаване
Дата на регистрацията/редакция 07.06.2005
Служител, извършил регистрацията/редакцията 30530
Статус, дата на статуса Минев Младен
944 ## - СЪЗДАВАНЕ И РЕДАКЦИЯ на ЗАПИСА
Създаване/Редакция Редакция
Дата на регистрацията/редакция 23.06.2005
999 ## - СИСТЕМНИ КОНТРОЛНИ НОМЕРА
Koha biblionumber 50412
Koha biblioitemnumber 50412
999 ## - СИСТЕМНИ КОНТРОЛНИ НОМЕРА
Koha biblioitemnumber 50412
999 ## - СИСТЕМНИ КОНТРОЛНИ НОМЕРА
Koha biblioitemnumber 50412
Наличности
Код за отписване Код за изгубен артикул Код за повреда Коз за рестрикции Код за отдаване Артикулен № Име на библиотеката - собственик Име на библиотеката, в която се намира в момента Статус (Текущо местоположение) Дата на вписване в системата Местоположение - отдел Цена в лева Инвентарен номер Систематично азбучна сигнатура Баркод Номер на екземпляра Цена в евро Служебна бележка Служебен тип на артикула Източник на класификационната схема
  Не е изгубен Не е повреден без рестрикции ползва се в читалня 78848 Регионална библиотека "Любен Каравелов" Русе Регионална библиотека "Любен Каравелов" Русе Хранилище 2005-06-07 Хранилище 0.00 120000694803 Цб 224064 120000694803 1 0.00 Дост: Dp Вид: Д N: 30 Дата: 14.07.2004 Книги  
  Не е изгубен Не е повреден   заемане за дома 941671 Регионална библиотека "Любен Каравелов" Русе Регионална библиотека "Любен Каравелов" Русе Заемна - подръчен фонд 2024-03-20 Заемна - подръчен фонд 8.00 120000900699 373.3.016/П 47 В 120000900699   4.09   Книги Universal Decimal Classification
Vip Innovations Ltd, Rousse, Bulgaria 2025